[Event "6th LCC Super Rapidplay Open 2014"]
[Site "London ENG"]
[Date "2014.12.06"]
[Round "6.8"]
[White "Agdestein, Simen"]
[Black "Hagen, Andreas Skytte"]
[Result "1-0"]
[WhiteTitle "GM"]
[BlackTitle "IM"]
[WhiteElo "2626"]
[BlackElo "2430"]
[WhiteFideId "1500015"]
[BlackFideId "1407341"]
[EventDate "2014.12.06"]

1. d4 Nf6 2. c4 g6 3. g3 Bg7 4. Bg2 O-O 5. Nc3 d6 6. Nf3 Nc6 7. O-O a6 8. Bf4
Rb8 9. Rc1 Bd7 10. d5 Na5 11. b3 c5 12. dxc6 Nxc6 13. c5 e5 14. Bg5 dxc5 15. Ne4
Nd4 16. e3 Bc6 17. exd4 Bxe4 18. dxe5 Qxd1 19. Rfxd1 Ng4 20. Rxc5 Rfe8 21. Bf4
b6 22. Rc7 Nxe5 23. Nxe5 Bxe5 24. Bxe5 Rxe5 25. Bxe4 Rxe4 26. Rdd7 Rf8 27. Rd6
Re2 28. a4 b5 29. Rxa6 bxa4 30. Rxa4 Rb2 31. Rb7 h5 32. Rf4 Kg7 33. h4 Kh6 34.
Kg2 f6 35. Re4 g5 36. hxg5+ Kxg5 37. Rb5+ Kg6 38. Rf4 Rd8 39. Rb6 Rf8 40. Kf3
Kg5 41. Rb5+ Kg6 42. Rb6 Kg5 43. b4 Kg6 44. Ke4 Kg5 45. Rb5+ Kg6 46. Kd3 Rd8+
47. Kc3 Rb1 48. Kc2 Re1 49. Rb6 Rf8 50. b5 Kg5 51. Rc6 Re5 52. b6 Rb5 53. Kc3 f5
54. Rb4 Rxb4 55. Kxb4 Kg4 56. Rc4+ Kg5 1-0

[Event "6th LCC Super Rapidplay Open 2014"]
[Site "London ENG"]
[Date "2014.12.06"]
[Round "6.9"]
[White "Wells, Peter K"]
[Black "Van Wely, Loek"]
[Result "0-1"]
[WhiteTitle "GM"]
[BlackTitle "GM"]
[WhiteElo "2468"]
[BlackElo "2667"]
[WhiteFideId "400327"]
[BlackFideId "1000268"]
[EventDate "2014.12.06"]

1. d4 g6 2. e4 Bg7 3. Nc3 d6 4. f4 Nf6 5. Nf3 c5 6. Bb5+ Bd7 7. e5 Ng4 8. Bxd7+
Qxd7 9. d5 dxe5 10. h3 e4 11. hxg4 exf3 12. Qxf3 Na6 13. Bd2 O-O-O 14. O-O-O Nb4
15. a3 Nxd5 16. Be1 e6 17. Nxd5 exd5 18. Bh4 f6 19. f5 Rhe8 20. Bg3 Bf8 21. Qf4
Re5 22. fxg6 hxg6 23. g5 Bd6 24. Qxf6 Rf5 25. Qxd6 Qxd6 26. Bxd6 Rxd6 27. Rde1
Rxg5 28. Re7 Rd7 29. Re2 Kc7 30. Rh8 d4 31. Rh3 Kc6 32. b3 b5 33. Rf3 c4 34.
bxc4 bxc4 35. Re6+ Rd6 36. Re7 Rxg2 37. Rxa7 c3 38. Kb1 Kd5 39. Rf1 Ke5 0-1

[Event "6th LCC Super Rapidplay Open 2014"]
[Site "London ENG"]
[Date "2014.12.06"]
[Round "6.10"]
[White "Hebden, Mark L"]
[Black "Haugli, Petter"]
[Result "1-0"]
[WhiteTitle "GM"]
[BlackTitle "IM"]
[WhiteElo "2523"]
[BlackElo "2283"]
[WhiteFideId "400084"]
[BlackFideId "1500104"]
[EventDate "2014.12.06"]

1. d4 d5 2. Nf3 Nf6 3. e3 Bf5 4. c4 c6 5. Nc3 e6 6. Nh4 Bg4 7. Qb3 Qb6 8. h3 Bh5
9. g4 Bg6 10. Nxg6 hxg6 11. g5 Nfd7 12. Bd2 Be7 13. f4 dxc4 14. Bxc4 Na6 15.
O-O-O O-O-O 16. h4 Qxb3 17. Bxb3 Nb4 18. Kb1 Nb6 19. a3 N4d5 20. Ne4 Kb8 21. Rc1
Rh7 22. Rh3 Rdh8 23. Rch1 Nd7 24. Ng3 c5 25. e4 N5b6 26. dxc5 Nxc5 27. Bc2 Rd8
28. Ba5 Nd3 29. Rf1 Rd7 30. Bxb6 axb6 31. e5 Rh8 32. h5 gxh5 33. Rxh5 Rxh5 34.
Nxh5 g6 35. Nf6 Bxf6 36. exf6 Nc5 37. b4 Na6 38. Rh1 Rd8 39. Rh7 Rf8 40. Kb2 Nc7
41. Be4 Nb5 42. a4 Nd6 43. Bd3 Kc7 44. Bxg6 Kc6 45. Bxf7 Nxf7 46. g6 Nd6 47. g7 1-0

[Event "6th LCC Super Rapidplay Open 2014"]
[Site "London ENG"]
[Date "2014.12.07"]
[Round "7.1"]
[White "Giri, Anish"]
[Black "Caruana, Fabiano"]
[Result "1/2-1/2"]
[WhiteTitle "GM"]
[BlackTitle "GM"]
[WhiteElo "2768"]
[BlackElo "2829"]
[WhiteFideId "24116068"]
[BlackFideId "2020009"]
[EventDate "2014.12.06"]

1. e4 e5 2. Nf3 Nc6 3. Nc3 Nf6 4. h3 Bb4 5. Bd3 O-O 6. O-O d6 7. Re1 Ne7 8. Ne2
d5 9. Ng3 dxe4 10. Nxe4 Ng6 11. Nxf6+ Qxf6 12. c3 Bd6 13. Be4 Bf5 14. d3 Bxe4
15. dxe4 Bc5 16. Qe2 h6 17. Be3 Bxe3 18. Qxe3 Nf4 19. h4 Rfd8 20. Red1 Rd6 21.
g3 Ng6 22. Kg2 Rad8 23. Rxd6 Rxd6 24. h5 Ne7 25. Qxa7 Rd3 26. Ne1 Rd2 27. Nf3
Rd3 28. Ne1 Rd2 29. Nf3 1/2-1/2

[Event "6th LCC Super Rapidplay Open 2014"]
[Site "London ENG"]
[Date "2014.12.07"]
[Round "7.3"]
[White "Anand, Viswanathan"]
[Black "Sadler, Matthew D"]
[Result "1/2-1/2"]
[WhiteTitle "GM"]
[BlackTitle "GM"]
[WhiteElo "2793"]
[BlackElo "2658"]
[WhiteFideId "5000017"]
[BlackFideId "400173"]
[EventDate "2014.12.06"]

1. d4 d5 2. c4 e6 3. Nf3 c5 4. cxd5 exd5 5. Nc3 Nc6 6. dxc5 d4 7. Na4 Bxc5 8.
Nxc5 Qa5+ 9. Bd2 Qxc5 10. e3 dxe3 11. Bxe3 Qb4+ 12. Qd2 Qxd2+ 13. Bxd2 Nge7 14.
O-O-O Be6 15. b3 h6 16. Bd3 O-O 17. Rhe1 Rfd8 18. Bb1 a5 19. Kb2 a4 20. Bc2 Nd5
21. bxa4 Nb6 22. Be3 Rxd1 23. Rxd1 Nxa4+ 24. Bxa4 Rxa4 1/2-1/2

[Event "6th LCC Super Rapidplay Open 2014"]
[Site "London ENG"]
[Date "2014.12.07"]
[Round "7.4"]
[White "McShane, Luke J"]
[Black "Agdestein, Simen"]
[Result "1-0"]
[WhiteTitle "GM"]
[BlackTitle "GM"]
[WhiteElo "2672"]
[BlackElo "2626"]
[WhiteFideId "404853"]
[BlackFideId "1500015"]
[EventDate "2014.12.06"]

1. e4 e6 2. d4 d5 3. Nd2 c5 4. Ngf3 Nc6 5. exd5 exd5 6. Bb5 Bd6 7. dxc5 Bxc5 8.
O-O Ne7 9. Nb3 Bd6 10. Bg5 O-O 11. Bh4 Qb6 12. Be2 a5 13. a4 Nf5 14. Bg5 h6 15.
Bd2 d4 16. Bc4 Be6 17. Bxe6 fxe6 18. Qe2 e5 19. Rae1 Rae8 20. Qd3 Kh8 21. Re2
Qc7 22. Rfe1 b6 23. c3 Qf7 24. cxd4 Nfxd4 25. Nbxd4 exd4 26. Rxe8 Rxe8 27. Rxe8+
Qxe8 28. Nxd4 Ne5 29. Qc2 Bc5 30. Bc3 Qd7 31. Qe4 Qxa4 32. h3 Bd6 33. f4 Qd1+
34. Kh2 Qd3 35. Qf5 Qe3 36. Nc2 Qf2 37. Bxe5 Bxe5 38. Qc8+ Kh7 39. fxe5 Qf4+ 40.
Kg1 Qc1+ 41. Kf2 Qd2+ 42. Kf3 Qd5+ 43. Kf4 g5+ 44. Kf5 Qf7+ 45. Ke4 Qf4+ 46. Kd5
Qf7+ 47. Qe6 Qf2 48. Qd7+ Kg6 49. Qc6+ Kh5 50. Ke6 1-0

[Event "6th LCC Super Rapidplay Open 2014"]
[Site "London ENG"]
[Date "2014.12.07"]
[Round "7.5"]
[White "Kramnik, Vladimir"]
[Black "Fodor, Tamas Jr."]
[Result "1-0"]
[WhiteTitle "GM"]
[BlackTitle "GM"]
[WhiteElo "2769"]
[BlackElo "2499"]
[WhiteFideId "4101588"]
[BlackFideId "723762"]
[EventDate "2014.12.06"]

1. Nf3 d5 2. g3 c6 3. Bg2 Bg4 4. d3 Nd7 5. O-O e6 6. h3 Bh5 7. e4 Be7 8. Qe1
dxe4 9. dxe4 e5 10. Nbd2 Ngf6 11. Nh4 O-O 12. Nc4 b5 13. Na5 Rc8 14. Nf5 Re8 15.
Bg5 Bf8 16. Nb3 Qc7 17. a4 a6 18. Kh1 Rb8 19. axb5 axb5 20. g4 Bg6 21. Rd1 c5
22. Nc1 Re6 23. Ne2 b4 24. f4 Rbe8 25. Nxg7 Bxg7 26. f5 Ra6 27. Qh4 Qc6 28. Bc1
Nf8 29. Qf2 c4 30. fxg6 fxg6 31. Ng3 Qe6 32. g5 N6d7 33. Kh2 Qe7 34. h4 Ne6 35.
Qe2 Rc6 36. Nf5 Qd8 37. Qg4 Rf8 38. Nd6 Qe7 39. Nf5 Qe8 40. Be3 Ndc5 41. Rd5 c3
42. bxc3 bxc3 43. Nxg7 Kxg7 44. Qg3 Nd7 45. Rfd1 Rf7 46. Bh3 Nef8 47. h5 gxh5
48. Bf5 Re7 49. Qh3 Nb6 50. Rd8 Qf7 51. Rf1 Nc4 52. Bc8 Qg8 53. Rdxf8 Qxf8 54.
Rxf8 Kxf8 55. Bd7 Rc7 56. Bf5 Nxe3 57. Qxe3 Rc6 58. Qd3 Kg7 59. Qd8 Rcc7 60. Qd6 1-0

[Event "6th LCC Super Rapidplay Open 2014"]
[Site "London ENG"]
[Date "2014.12.07"]
[Round "7.6"]
[White "Van Wely, Loek"]
[Black "Dourerassou, Jonathan"]
[Result "1/2-1/2"]
[WhiteTitle "GM"]
[BlackTitle "IM"]
[WhiteElo "2667"]
[BlackElo "2469"]
[WhiteFideId "1000268"]
[BlackFideId "628050"]
[EventDate "2014.12.06"]

1. d4 Nf6 2. c4 g6 3. Nc3 d5 4. Nf3 Bg7 5. cxd5 Nxd5 6. Bg5 c5 7. Rc1 Nxc3 8.
bxc3 O-O 9. Qd2 Nd7 10. e4 Nf6 11. Bd3 Bg4 12. Ne5 Be6 13. d5 Bc8 14. Nf3 c4 15.
Bc2 Qa5 16. O-O e6 17. d6 Nd7 18. e5 Nxe5 19. Nxe5 Qxe5 20. Be7 Bd7 21. Bxf8
Rxf8 22. Bd1 Bc6 23. Bf3 Bxf3 24. gxf3 Rd8 25. Rfd1 Qh5 26. Qe3 Bh6 27. f4 e5
28. Qxe5 Qg4+ 29. Kh1 Qf3+ 30. Kg1 Bxf4 31. Qe7 Qg4+ 32. Kf1 Bg5 33. Qxb7 Bxc1
34. Rxc1 Qh3+ 35. Kg1 Qe6 36. Qxa7 Rxd6 37. Qe3 Qf6 38. Re1 Rd5 39. Kf1 Qd6 40.
Qh6 Qd7 41. Re4 Rh5 42. Qe3 h6 43. h4 Qd1+ 44. Kg2 Kh7 45. Rf4 Qd7 46. Qf3 Kg7
47. Rxc4 Re5 48. Qf4 Qe6 49. Rc7 Qd5+ 50. Kg3 Qd3+ 51. f3 Rf5 52. Qd4+ Qxd4 53.
cxd4 Ra5 54. Rc2 Kf6 55. Kf4 Ke6 56. Ke4 Rh5 57. d5+ Kd7 58. f4 Rxh4 59. Ke5 f6+
60. Kxf6 Rxf4+ 61. Kxg6 Kd6 62. Rd2 h5 63. Kxh5 Rf5+ 64. Kg6 Rxd5 65. Rxd5+ Kxd5 1/2-1/2

[Event "6th LCC Super Rapidplay Open 2014"]
[Site "London ENG"]
[Date "2014.12.07"]
[Round "7.7"]
[White "Howell, David W L"]
[Black "Bates, Richard A"]
[Result "1-0"]
[WhiteTitle "GM"]
[BlackTitle "IM"]
[WhiteElo "2670"]
[BlackElo "2349"]
[WhiteFideId "410608"]
[BlackFideId "403555"]
[EventDate "2014.12.06"]

1. e4 c5 2. Nf3 d6 3. Bb5+ Bd7 4. Bxd7+ Qxd7 5. c4 Nf6 6. Nc3 g6 7. d4 cxd4 8.
Nxd4 Bg7 9. f3 O-O 10. Be3 Rc8 11. b3 Qd8 12. O-O Nbd7 13. Qd2 a6 14. Kh1 e6 15.
Nde2 Rc6 16. Rfd1 Rac8 17. a4 Qf8 18. Rab1 Ne5 19. Qe1 Nfd7 20. Rd2 Nc5 21. Bg1
Bh6 22. Rd4 Ned3 23. Qd1 Nb4 24. Bf2 e5 25. Rd5 Nxd5 26. Nxd5 Ne6 27. Nb4 R6c7
28. Nd5 Rc6 29. Nec3 Nf4 30. Nb4 R6c7 31. Qf1 Bg7 32. g3 d5 33. gxf4 Qxb4 34.
Nxd5 Qd6 35. f5 b5 36. axb5 axb5 37. Nxc7 Qxc7 38. fxg6 fxg6 39. cxb5 Qc3 40.
Qe2 h5 41. b6 Kh7 42. Kg2 Rd8 43. Rd1 1-0

[Event "6th LCC Super Rapidplay Open 2014"]
[Site "London ENG"]
[Date "2014.12.07"]
[Round "7.8"]
[White "Chirila, Ioan-Cristian"]
[Black "Hebden, Mark L"]
[Result "0-1"]
[WhiteTitle "GM"]
[BlackTitle "GM"]
[WhiteElo "2547"]
[BlackElo "2523"]
[WhiteFideId "1211668"]
[BlackFideId "400084"]
[EventDate "2014.12.06"]

1. d4 Nf6 2. c4 g6 3. Nc3 Bg7 4. e4 d6 5. Be2 O-O 6. Bg5 Nbd7 7. Qd2 c5 8. d5 b5
9. cxb5 a6 10. bxa6 Qa5 11. f3 Bxa6 12. Bxa6 Qxa6 13. Nge2 Ne5 14. O-O Nc4 15.
Qc2 h6 16. Bc1 Rfb8 17. a4 Ne8 18. b3 Ne5 19. Rb1 Nc7 20. Be3 Qd3 21. Qxd3 Nxd3
22. Rfd1 Nb4 23. Kf2 Rb7 24. f4 Rab8 25. Rd2 Nba6 26. e5 dxe5 27. d6 exd6 28.
Rxd6 Rxb3 29. Rxb3 Rxb3 30. Nb5 Nxb5 31. axb5 Nb4 32. Nc1 Rb2+ 33. Kf3 exf4 34.
Bxc5 Nc2 35. b6 g5 36. Nd3 Rb3 37. Ke4 Kh7 38. Rd7 Kg6 39. b7 f5+ 40. Kd5 Rxd3+
41. Kc6 Rb3 42. Rd3 Nb4+ 43. Bxb4 Rxb4 44. Rd5 g4 45. Kc7 f3 46. gxf3 gxf3 47.
b8=Q Be5+ 48. Rxe5 Rxb8 49. Re3 f2 50. Rf3 Rb2 51. Kd6 Re2 52. h4 Kh5 53. Rf4
Kg6 54. Kd5 Kf6 55. Rf3 Rd2+ 0-1

[Event "6th LCC Super Rapidplay Open 2014"]
[Site "London ENG"]
[Date "2014.12.07"]
[Round "7.9"]
[White "Hector, Jonny"]
[Black "Hawkins, Jonathan"]
[Result "0-1"]
[WhiteTitle "GM"]
[BlackTitle "IM"]
[WhiteElo "2477"]
[BlackElo "2552"]
[WhiteFideId "1700090"]
[BlackFideId "412686"]
[EventDate "2014.12.06"]

1. e4 c6 2. d4 d5 3. Nd2 dxe4 4. Nxe4 Nd7 5. Bc4 Ngf6 6. Ng5 e6 7. N1f3 h6 8.
Nxe6 fxe6 9. Bxe6 Qe7 10. O-O Qxe6 11. Re1 Ne4 12. Nd2 Ndf6 13. Nxe4 Nxe4 14.
Qf3 Be7 15. Rxe4 Qf7 16. Qe2 Bf5 17. Re3 Kd7 18. c4 Rae8 19. Qf1 Kc8 20. b3 Bd6
21. Bb2 Rxe3 22. fxe3 Qh5 23. g3 Be4 24. Qd1 Qg5 25. Qe1 Rf8 26. Qd1 0-1

[Event "6th LCC Super Rapidplay Open 2014"]
[Site "London ENG"]
[Date "2014.12.07"]
[Round "7.10"]
[White "Jones, Gawain C B"]
[Black "Speelman, Jon S"]
[Result "1/2-1/2"]
[WhiteTitle "GM"]
[BlackTitle "GM"]
[WhiteElo "2661"]
[BlackElo "2501"]
[WhiteFideId "409561"]
[BlackFideId "400033"]
[EventDate "2014.12.06"]

1. e4 c6 2. d4 d5 3. e5 c5 4. c4 cxd4 5. Ne2 Nc6 6. Nxd4 e6 7. Nc3 Bb4 8. Nxc6
bxc6 9. cxd5 Qxd5 10. Qxd5 cxd5 11. Bd2 Ne7 12. Bd3 Bd7 13. Ne2 Nc6 14. f4 Ke7
15. a3 Bxd2+ 16. Kxd2 a5 17. a4 Rhb8 18. Bb5 Na7 19. Nd4 Nxb5 20. axb5 Bxb5 21.
Rhc1 Bd7 22. b3 a4 1/2-1/2

[Event "6th LCC Super Rapidplay Open 2014"]
[Site "London ENG"]
[Date "2014.12.07"]
[Round "8.2"]
[White "Caruana, Fabiano"]
[Black "McShane, Luke J"]
[Result "1-0"]
[WhiteTitle "GM"]
[BlackTitle "GM"]
[WhiteElo "2829"]
[BlackElo "2672"]
[WhiteFideId "2020009"]
[BlackFideId "404853"]
[EventDate "2014.12.06"]

1. e4 e5 2. Nf3 Nc6 3. Bb5 Nf6 4. O-O Nxe4 5. d4 Nd6 6. Bxc6 dxc6 7. dxe5 Nf5 8.
Qxd8+ Kxd8 9. h3 Bd7 10. Rd1 Kc8 11. g4 Ne7 12. Ng5 Be8 13. f4 f5 14. exf6 gxf6
15. Ne6 Bd7 16. Nxf8 Rxf8 17. f5 h5 18. Kf2 Rg8 19. Rg1 b6 20. Nd2 Kb7 21. Ne4
Raf8 22. Bd2 c5 23. Rae1 Nc6 24. Bc3 Nd4 25. Bxd4 cxd4 26. Kf3 c5 27. Kf4 hxg4
28. hxg4 Kc7 29. Rh1 Rf7 30. Rh6 Re8 31. Rf1 Ref8 32. Ng3 Bc6 33. Nh5 Bd5 34.
Re1 Bxa2 35. Ra1 Bd5 36. Rxa7+ Bb7 37. Rxf6 Rxf6 38. Nxf6 Rxf6 39. g5 Rf8 40. g6
c4 41. g7 Rd8 42. f6 d3 43. cxd3 cxd3 44. f7 d2 45. Ra1 d1=Q 46. Rxd1 Rxd1 47.
f8=Q Bd5 48. Ke5 Ba2 49. g8=Q Bxg8 50. Qxg8 Re1+ 51. Kd5 Rd1+ 52. Ke4 Re1+ 53.
Kd5 Rd1+ 54. Kc4 Rc1+ 55. Kb4 Rc5 56. Qa8 Re5 57. Ka4 Re1 58. Qa7+ Kc6 59. Qb8
Re4+ 60. b4 1-0

[Event "6th LCC Super Rapidplay Open 2014"]
[Site "London ENG"]
[Date "2014.12.07"]
[Round "8.3"]
[White "Hebden, Mark L"]
[Black "Anand, Viswanathan"]
[Result "0-1"]
[WhiteTitle "GM"]
[BlackTitle "GM"]
[WhiteElo "2523"]
[BlackElo "2793"]
[WhiteFideId "400084"]
[BlackFideId "5000017"]
[EventDate "2014.12.06"]

1. d4 d5 2. Nf3 Nf6 3. e3 c5 4. c4 cxd4 5. exd4 g6 6. Nc3 Bg7 7. cxd5 Nxd5 8.
Bc4 Nxc3 9. bxc3 Qc7 10. Qb3 O-O 11. O-O Nc6 12. Be2 Be6 13. Qa3 Rac8 14. Rb1
Rfd8 15. Be3 Na5 16. Rfc1 Nc4 17. Bxc4 Bxc4 18. Qxa7 Bd5 19. Qb6 Bxa2 20. Qxc7
Rxc7 21. Rb6 Rdc8 22. Bd2 Bd5 23. Ne5 e6 24. f3 Ra8 25. Nd3 Ra2 26. Rb2 Ra3 27.
Nc5 e5 28. Rb4 exd4 29. cxd4 b6 30. Re1 f5 31. Bf4 Rca7 32. Bd6 bxc5 33. Bxc5
Ra1 34. Rxa1 Rxa1+ 35. Kf2 Kf7 36. h4 Bf6 0-1

[Event "6th LCC Super Rapidplay Open 2014"]
[Site "London ENG"]
[Date "2014.12.07"]
[Round "8.4"]
[White "Hawkins, Jonathan"]
[Black "Kramnik, Vladimir"]
[Result "0-1"]
[WhiteTitle "IM"]
[BlackTitle "GM"]
[WhiteElo "2552"]
[BlackElo "2769"]
[WhiteFideId "412686"]
[BlackFideId "4101588"]
[EventDate "2014.12.06"]

1. d4 Nf6 2. c4 e6 3. Nc3 Bb4 4. e3 O-O 5. Bd3 d5 6. Nf3 c5 7. O-O cxd4 8. exd4
dxc4 9. Bxc4 b6 10. Bg5 Bb7 11. Ne5 Nbd7 12. Qe2 Bxc3 13. bxc3 Rc8 14. Rac1 Nxe5
15. dxe5 Rc5 16. f4 Rxc4 17. exf6 g6 18. Rfd1 Qc7 19. Rd3 Qc5+ 20. Kh1 h5 21.
Qd2 Qf5 22. Rd7 Bd5 23. Kg1 Ra4 24. c4 Bc6 25. Re7 Ra3 26. Qf2 Rd8 27. Rc7 Qe4
28. h3 Rad3 29. Re1 Qxc4 30. f5 exf5 31. Rxa7 h4 32. Rc7 Qd5 33. Bf4 Ba8 34.
Rce7 Rxh3 35. a4 Bc6 36. R7e5 Qb3 37. gxh3 Qxh3 38. Qh2 Qg4+ 39. Kf1 Rd4 40. Be3
Rxa4 41. Bxb6 h3 42. R5e2 Rf4+ 43. Bf2 Bb5 0-1

[Event "6th LCC Super Rapidplay Open 2014"]
[Site "London ENG"]
[Date "2014.12.07"]
[Round "8.5"]
[White "Sadler, Matthew D"]
[Black "Ghasi, Ameet K"]
[Result "1-0"]
[WhiteTitle "GM"]
[BlackTitle "IM"]
[WhiteElo "2658"]
[BlackElo "2471"]
[WhiteFideId "400173"]
[BlackFideId "409200"]
[EventDate "2014.12.06"]

1. e4 d6 2. d4 Nf6 3. f3 c6 4. c4 a6 5. Nc3 b5 6. Be3 Nbd7 7. Nh3 g6 8. Nf2 Bg7
9. Be2 O-O 10. O-O bxc4 11. Bxc4 Nb6 12. Bd3 a5 13. Qe2 a4 14. Rac1 Nfd7 15. f4
c5 16. dxc5 Nxc5 17. Bxc5 dxc5 18. e5 Be6 19. Rfd1 Qc7 20. Nb5 Qc8 21. Be4 Ra5
22. Nd4 Bd7 23. b4 axb3 24. Nxb3 Bb5 25. Nd3 Ra4 26. Nbxc5 Rc4 27. Qb2 Rxc1 28.
Rxc1 Bxd3 29. Nxd3 Qd8 30. Rc6 f5 31. Qb3+ Kh8 32. Bf3 Qd4+ 33. Kf1 Rb8 34. Ke2
Bf8 35. g3 Nd7 36. Qd5 Qa7 37. Rc2 Bg7 38. Rb2 Rxb2+ 39. Nxb2 g5 40. Qa8+ Qxa8
41. Bxa8 e6 42. a4 Bf8 43. a5 gxf4 44. gxf4 Kg8 45. a6 Bc5 46. Na4 Bg1 47. Bb7
Kf8 48. h3 Ke7 49. Nc3 Kd8 50. Nb5 Nf8 51. Kf3 Ng6 52. Bc6 Ne7 53. a7 Bxa7 54.
Nxa7 Kc7 55. Be8 Kd8 56. Bf7 Kd7 57. Nb5 1-0

[Event "6th LCC Super Rapidplay Open 2014"]
[Site "London ENG"]
[Date "2014.12.07"]
[Round "8.6"]
[White "Howell, David W L"]
[Black "Greenfeld, Alon"]
[Result "1-0"]
[WhiteTitle "GM"]
[BlackTitle "GM"]
[WhiteElo "2670"]
[BlackElo "2536"]
[WhiteFideId "410608"]
[BlackFideId "2800039"]
[EventDate "2014.12.06"]

1. e4 c5 2. Nf3 d6 3. Bb5+ Nd7 4. d4 cxd4 5. Qxd4 a6 6. Bxd7+ Bxd7 7. c4 e5 8.
Qd3 b5 9. Nc3 bxc4 10. Qxc4 Be6 11. Qc6+ Bd7 12. Qc4 Be6 13. Qd3 h6 14. O-O Nf6
15. Rd1 Be7 16. Ne1 O-O 17. Nc2 Qb6 18. Ne3 Rac8 19. b3 Rc7 20. Bd2 Rfc8 21.
Rac1 Bf8 22. Kf1 g6 23. Ncd5 Nxd5 24. Nxd5 Bxd5 25. Qxd5 Rc2 26. Qd3 Qb5 27.
Qxb5 axb5 28. Ke1 f5 29. f3 Kf7 30. Rxc2 Rxc2 31. Ra1 fxe4 32. fxe4 Be7 33. Kd1
Rc8 34. a4 bxa4 35. bxa4 Bg5 36. a5 Ra8 37. a6 Ra7 38. Bxg5 hxg5 39. Kd2 Ke6 40.
Ra5 g4 41. Kd3 Kd7 42. Kc4 Kc6 43. Ra2 g5 44. Ra1 Rc7 45. Ra2 Ra7 46. g3 1-0

[Event "6th LCC Super Rapidplay Open 2014"]
[Site "London ENG"]
[Date "2014.12.07"]
[Round "8.7"]
[White "Adams, Michael"]
[Black "Sadzikowski, Daniel"]
[Result "1-0"]
[WhiteTitle "GM"]
[BlackTitle "IM"]
[WhiteElo "2745"]
[BlackElo "2492"]
[WhiteFideId "400041"]
[BlackFideId "1132253"]
[EventDate "2014.12.06"]

1. c4 e5 2. g3 Nc6 3. Bg2 Bc5 4. Nc3 a6 5. Nf3 d6 6. O-O Nge7 7. e3 Ba7 8. h3
O-O 9. d4 exd4 10. exd4 d5 11. cxd5 Nxd5 12. Bg5 Nxc3 13. bxc3 f6 14. Qb3+ Kh8
15. Bf4 Bb6 16. Rfe1 Na5 17. Qc2 c6 18. c4 Bc7 19. Bxc7 Qxc7 20. c5 Bd7 21. Qc3
Rfe8 22. Reb1 Be6 23. Nd2 Rad8 24. Rb6 Qd7 25. Qxa5 Qxd4 26. Nb3 1-0

[Event "6th LCC Super Rapidplay Open 2014"]
[Site "London ENG"]
[Date "2014.12.07"]
[Round "8.8"]
[White "Vakhidov, Jahongir"]
[Black "Short, Nigel D"]
[Result "0-1"]
[WhiteTitle "GM"]
[BlackTitle "GM"]
[WhiteElo "2502"]
[BlackElo "2661"]
[WhiteFideId "14201801"]
[BlackFideId "400025"]
[EventDate "2014.12.06"]

1. d4 e6 2. Nf3 c5 3. e3 d5 4. Bd3 c4 5. Be2 b5 6. b3 Bb7 7. a4 a6 8. O-O Nd7 9.
Bb2 Be7 10. axb5 axb5 11. Rxa8 Qxa8 12. Nc3 Bc6 13. bxc4 bxc4 14. Qa1 Ngf6 15.
Qxa8+ Bxa8 16. Ra1 O-O 17. Ba3 Bxa3 18. Rxa3 Rb8 19. Kf1 Ne8 20. Ra7 Nb6 21. Ne5
Bb7 22. Ra1 Nd6 23. Rb1 Ndc8 24. e4 f6 25. Nf3 Ra8 26. exd5 exd5 27. Nd2 Bc6 28.
Ke1 Ra3 29. Nb5 Ra2 30. Bd1 Na4 31. Nc7 Nc3 32. Rc1 Kf7 33. Bg4 Nd6 34. Nb1 Ra1
35. Nxc3 Rxc1+ 36. Kd2 Rg1 37. Be6+ Kf8 38. Bh3 g5 39. N3xd5 Bxd5 40. Nxd5 h5
41. Bd7 Rxg2 42. Ke3 Rxh2 43. Kf3 f5 44. Kg3 Rh1 45. Kg2 Rd1 46. c3 Rd3 47. Ba4
Kf7 48. Kf1 h4 49. Bc2 Rd2 50. Ne3 f4 51. Nxc4 Nxc4 52. Bb3 Kf6 53. Bxc4 Rc2 0-1

[Event "6th LCC Super Rapidplay Open 2014"]
[Site "London ENG"]
[Date "2014.12.07"]
[Round "8.9"]
[White "Parker, Jonathan F"]
[Black "Van Wely, Loek"]
[Result "0-1"]
[WhiteTitle "GM"]
[BlackTitle "GM"]
[WhiteElo "2519"]
[BlackElo "2667"]
[WhiteFideId "400580"]
[BlackFideId "1000268"]
[EventDate "2014.12.06"]

1. d4 Nf6 2. c4 e6 3. Nc3 Bb4 4. e3 O-O 5. Bd3 c5 6. Ne2 cxd4 7. exd4 d5 8. cxd5
Nxd5 9. O-O Nc6 10. Bc2 Re8 11. Qd3 g6 12. Rd1 b6 13. Qf3 Bb7 14. Be4 Nce7 15.
Bg5 Qd7 16. Bf6 Nf5 17. Nf4 Bxc3 18. bxc3 Rac8 19. Nxd5 Bxd5 20. Rd3 Qc6 21. Re1
Bxe4 22. Rxe4 Nd6 23. Qh3 h5 24. Re1 Ne4 25. Be5 Nxc3 26. g4 Nd5 27. gxh5 g5 28.
h6 Kh7 29. Qh5 Qd7 30. Qxg5 Rg8 31. Bg7 Ne7 32. Rg3 Nf5 33. Rg4 Qd5 34. Qf6 Qf3
35. Rg2 0-1

[Event "6th LCC Super Rapidplay Open 2014"]
[Site "London ENG"]
[Date "2014.12.07"]
[Round "8.10"]
[White "Dourerassou, Jonathan"]
[Black "Lenderman, Aleksandr"]
[Result "0-1"]
[WhiteTitle "IM"]
[BlackTitle "GM"]
[WhiteElo "2469"]
[BlackElo "2608"]
[WhiteFideId "628050"]
[BlackFideId "2021285"]
[EventDate "2014.12.06"]

1. e4 e6 2. d4 d5 3. Nc3 Bb4 4. e5 b6 5. Qg4 Bf8 6. Bb5+ c6 7. Bd3 Ba6 8. Bxa6
Nxa6 9. Qe2 Qc8 10. f4 Ne7 11. Nf3 h5 12. Be3 Nf5 13. Bf2 Bb4 14. Qd3 Nc7 15.
O-O Qa6 16. Qd2 Qc4 17. a4 a5 18. Nh4 b5 19. axb5 cxb5 20. Nf3 a4 21. Be1 Kd7
22. Qf2 Ba5 23. Nd1 Bb6 24. Ne3 Nxd4 25. Nxd4 Qxd4 26. Bd2 Qxb2 27. f5 Qxe5 28.
fxe6+ fxe6 29. Qf7+ Kc6 30. Rfe1 Raf8 31. Qg6 Qf5 32. Qxf5 Rxf5 33. Kh1 Rf2 34.
Nf1 Rhf8 35. c3 e5 36. Bg5 e4 37. Ng3 Ne6 38. Be7 R8f7 39. Bb4 Nf4 0-1